00285nam a2200097Ia 4500008004100000082001800041100001400059245007400073260003000147300001000177210430s9999 xx 000 0 und d a621.381 K1911 aS O Kasap aPrinciples of Electrical Engineering Materials and DevicescS O Kasap aBostonbMcGraw Hillc2000 a690p.